[Event "Xtracon Chess Open 2016"]
[Site "Helsingor DEN"]
[Date "2016.07.23"]
[Round "1.56"]
[White "Fossan, Petter"]
[Black "Nielsen, Henrik Wendelbo"]
[Result "1/2-1/2"]
[WhiteTitle "FM"]
[WhiteElo "2303"]
[BlackElo "1815"]
[WhiteFideId "1500260"]
[BlackFideId "1412302"]
[EventDate "2016.07.23"]

1. e4 c6 2. d4 d5 3. f3 dxe4 4. fxe4 e5 5. Nf3 exd4 6. Bc4 Be6 7. Bxe6 fxe6 8.
Qxd4 Nf6 9. Qxd8+ Kxd8 10. Ng5 Ke7 11. e5 Ng4 12. Nf3 Nd7 13. Bf4 h6 14. h3 g5
15. Bd2 Ngxe5 16. Nxe5 Nxe5 17. Bc3 Bg7 18. Nd2 Rhg8 19. O-O-O Nd7 20. Bb4+ c5
21. Ba3 b5 22. b3 b4 23. Bb2 Bxb2+ 24. Kxb2 Rgf8 25. Ne4 Rf4 26. Rhe1 Rc8 27. a3
Nf6 28. Nxf6 Rxf6 29. Re2 Rd8 30. Rxd8 Kxd8 31. axb4 cxb4 32. Re4 a5 33. Re5 Rf5
34. Rxe6 h5 35. Kc1 Kd7 36. Re4 Kd6 37. g4 hxg4 38. Rxg4 Ke6 39. Kd2 Kf6 40. h4
gxh4 41. Rxh4 Rc5 42. Re4 Kf5 43. Re8 Kf4 44. Re2 Rd5+ 45. Kc1 Kf3 46. Re1 Rc5
47. Kb2 Kf4 48. Re7 Kf3 49. Kc1 Kf4 50. Rh7 Ke3 51. Rh4 Kf3 52. Rd4 Ke3 53. Rg4
Kf3 54. Rh4 Ke3 55. Kb2 Kf3 56. Rh2 Ke3 57. Kc1 Kd4 58. Kd2 Rg5 59. Rh4+ Kd5 60.
Rc4 Rg2+ 61. Kc1 Rg3 62. Kb2 Rg2 63. Rc8 Kd4 64. Kc1 Rh2 65. Rc4+ Kd5 66. Rc8
Kd4 67. Rc6 Kd5 68. Ra6 Kc5 69. Rxa5+ Kb6 70. Re5 Rg2 71. Kd1 Rh2 72. Re2 Rh6
73. Kd2 Rd6+ 74. Ke3 Kc5 75. Kf4 Rd4+ 76. Re4 Rd2 77. Rc4+ Kb5 78. Ke5 Re2+ 79.
Kd6 Rd2+ 80. Kc7 Rh2 81. Kd6 Rh6+ 82. Ke5 Rh5+ 83. Kf6 Rh6+ 84. Kg5 Rh2 85. Kg4
Re2 86. Kf3 Rh2 87. Ke3 Rg2 88. Kd3 Rg3+ 89. Kd2 Rg2+ 90. Kc1 Rh2 91. Rg4 Rf2
92. Rg5+ Kb6 93. Re5 Rh2 94. Kd1 Rg2 95. Re2 Rg6 96. Re4 Kb5 97. Ke2 Rg2+ 98.
Kd3 Rg5 99. Kd4 Rg2 100. Re5+ Kb6 101. Kd3 Rh2 102. Re2 Rh3+ 103. Re3 Rh2 104.
Rg3 Rf2 105. Rg6+ Kb5 106. Rg5+ Kb6 107. Re5 Rh2 108. c4 bxc3 109. Kxc3 Rh3+
110. Kb4 Rh4+ 111. Ka3 Rh3 112. Ka4 Rh6 113. b4 Rh1 114. Re6+ Kb7 115. Ka5 Rb1
116. Kb5 Rh1 117. Re7+ Kb8 118. Ka5 Rh6 119. b5 Rg6 120. Rh7 Rf6 121. Rh5 Kb7
122. Rh8 Rg6 123. Rh7+ Kb8 124. Rh5 Kb7 125. b6 Rg1 126. Rh7+ Kb8 1/2-1/2

[Event "Xtracon Chess Open 2016"]
[Site "Helsingor DEN"]
[Date "2016.07.23"]
[Round "1.57"]
[White "Robertsen, Bjorn"]
[Black "Nielsen, Hogni Egilstoft"]
[Result "0-1"]
[BlackTitle "FM"]
[WhiteElo "1815"]
[BlackElo "2301"]
[WhiteFideId "1521632"]
[BlackFideId "7200404"]
[EventDate "2016.07.23"]

1. d4 Nf6 2. c4 e6 3. Nf3 d5 4. g3 Be7 5. Bg2 O-O 6. O-O Nbd7 7. Nc3 dxc4 8. e4
c6 9. a4 a5 10. Qe2 b6 11. Rd1 Ba6 12. d5 exd5 13. exd5 cxd5 14. Nxd5 Nxd5 15.
Rxd5 Qe8 16. Nd4 Bf6 17. Qxe8 Rfxe8 18. Rxd7 Re1+ 19. Bf1 Rd1 20. Ra3 Bc8 0-1

[Event "Xtracon Chess Open 2016"]
[Site "Helsingor DEN"]
[Date "2016.07.23"]
[Round "1.58"]
[White "Bach, Matthias"]
[Black "Densing, Gerd"]
[Result "1-0"]
[WhiteTitle "FM"]
[WhiteElo "2296"]
[BlackElo "1814"]
[WhiteFideId "4603168"]
[BlackFideId "24621013"]
[EventDate "2016.07.23"]

1. d4 e6 2. Nf3 b6 3. e4 Bb7 4. Bd3 h6 5. c4 Bb4+ 6. Bd2 Bxd2+ 7. Nbxd2 d6 8.
O-O Ne7 9. b4 O-O 10. d5 e5 11. c5 f5 12. c6 Bc8 13. b5 fxe4 14. Bxe4 Bf5 15.
Re1 Ng6 16. Qc2 Bxe4 17. Qxe4 Qf6 18. a4 Ne7 19. a5 bxa5 20. Nc4 Qf4 21. Qd3 Qf7
22. Red1 Qf4 23. Ncd2 Qb4 24. Ne4 a4 25. Rdb1 Qa5 26. Nfd2 Qb6 27. Rxa4 Kh8 28.
h3 Ng6 29. Nc4 Qd4 30. Qxd4 exd4 31. b6 Nxc6 32. b7 1-0

[Event "Xtracon Chess Open 2016"]
[Site "Helsingor DEN"]
[Date "2016.07.23"]
[Round "1.59"]
[White "Rose, Dennis Lauge"]
[Black "Rostgaard, Tobias Valentin"]
[Result "0-1"]
[WhiteElo "1814"]
[BlackElo "2287"]
[WhiteFideId "1417916"]
[BlackFideId "1408801"]
[EventDate "2016.07.23"]

1. f4 e5 2. fxe5 d6 3. Nf3 Bg4 4. e4 dxe5 5. Bc4 Nc6 6. d3 Bc5 7. Nc3 Qd7 8. h3
Bh5 9. Bb5 f6 10. Qe2 Bf7 11. a3 a6 12. Bxc6 Qxc6 13. Bd2 Ne7 14. Nh4 O-O-O 15.
O-O-O Qd6 16. Nf5 Nxf5 17. exf5 Bxa3 18. Ne4 Qf8 19. Qe3 Kb8 20. Bc3 Bb4 21. Kd2
Bd5 22. Ra1 Bxe4 23. Qxe4 Rd4 24. Qe3 Qd6 25. Ke2 Rf4 26. g3 Bc5 27. gxf4 Bxe3
28. Kxe3 exf4+ 29. Kf3 Re8 30. Rae1 Re3+ 31. Rxe3 fxe3 32. Re1 Qh2 33. Rxe3
Qxh3+ 34. Kf4 Qh2+ 35. Kf3 h5 36. Re8+ Ka7 37. Bd4+ b6 38. Re7 Qh3+ 39. Ke4 Qg2+
40. Ke3 Qg1+ 41. Ke4 Qe1+ 0-1

[Event "Xtracon Chess Open 2016"]
[Site "Helsingor DEN"]
[Date "2016.07.23"]
[Round "1.60"]
[White "Haldorsen, Benjamin"]
[Black "Rasmussen, Morten1"]
[Result "1-0"]
[WhiteTitle "FM"]
[WhiteElo "2283"]
[BlackElo "1808"]
[WhiteFideId "1512633"]
[BlackFideId "1410865"]
[EventDate "2016.07.23"]

1. e4 c5 2. Nc3 a6 3. Nge2 b5 4. d4 cxd4 5. Nxd4 Bb7 6. Bd3 Nc6 7. Nxc6 Bxc6 8.
O-O d6 9. a4 b4 10. Na2 Qb6 11. a5 Qxa5 12. Bd2 Qb6 13. Nxb4 Bb7 14. Be3 Qxb4
15. c3 Qxb2 16. Qa4+ Kd8 17. Qa5+ Kd7 18. Rab1 Qxb1 19. Rxb1 Bc6 20. Rb6 e6 21.
Rxc6 Kxc6 22. Qb6+ Kd7 23. Qb7+ 1-0

[Event "Xtracon Chess Open 2016"]
[Site "Helsingor DEN"]
[Date "2016.07.23"]
[Round "1.61"]
[White "Weber, Andreas"]
[Black "Veng, Johnny"]
[Result "0-1"]
[BlackTitle "FM"]
[WhiteElo "1808"]
[BlackElo "2280"]
[WhiteFideId "24652504"]
[BlackFideId "1408623"]
[EventDate "2016.07.23"]

1. e4 g6 2. d4 Bg7 3. f4 d5 4. e5 Nh6 5. Nf3 O-O 6. Be2 c6 7. O-O f6 8. Nc3 Bg4
9. Be3 Nd7 10. Nh4 Bxe2 11. Qxe2 fxe5 12. fxe5 e6 13. Rxf8+ Bxf8 14. g3 a6 15.
Rf1 c5 16. Qf3 cxd4 17. Bxd4 Bg7 18. Qe2 Qg5 19. Re1 Rf8 20. Qg2 Qg4 21. Be3 g5
22. h3 Qh5 23. g4 Qxh4 24. Re2 Nxe5 25. Bf2 Rxf2 26. Rxf2 Nhf7 27. Ne2 h5 28.
gxh5 Qxh5 29. b3 b5 30. a4 bxa4 31. bxa4 Nc4 32. c3 a5 33. Nd4 Bxd4 34. cxd4
Qd1+ 35. Kh2 Qxd4 36. Qf1 Nce5 37. Rf6 Qe4 38. Rf2 Kg7 39. Qa6 Nf3+ 40. Kg3 Qf4+
41. Kg2 N7e5 42. Kf1 Qc1+ 0-1

[Event "Xtracon Chess Open 2016"]
[Site "Helsingor DEN"]
[Date "2016.07.23"]
[Round "1.62"]
[White "Larsen, Peter"]
[Black "Opasiak, Dustin Tennessee"]
[Result "1-0"]
[WhiteElo "2265"]
[BlackElo "1807"]
[WhiteFideId "1402862"]
[BlackFideId "24630217"]
[EventDate "2016.07.23"]

1. d4 Nf6 2. c4 c5 3. e3 e6 4. Nc3 Be7 5. Nf3 O-O 6. d5 d6 7. e4 e5 8. Bd3 Ne8
9. h3 g6 10. Bh6 Ng7 11. g4 Kh8 12. Qd2 Nd7 13. O-O-O Nf6 14. Rdg1 Ng8 15. h4 f6
16. Nh2 Rf7 17. Bxg7+ Kxg7 18. f4 Bd7 19. Nf3 Qf8 20. f5 gxf5 21. exf5 Kh8 22.
g5 fxg5 23. hxg5 Bxf5 24. Bxf5 Rxf5 25. g6 Rxf3 26. Rxh7# 1-0

[Event "Xtracon Chess Open 2016"]
[Site "Helsingor DEN"]
[Date "2016.07.23"]
[Round "1.63"]
[White "Rasmussen, Jonas H"]
[Black "Lercel, Michal"]
[Result "0-1"]
[WhiteElo "1805"]
[BlackElo "2265"]
[WhiteFideId "1511637"]
[BlackFideId "1114700"]
[EventDate "2016.07.23"]

1. d4 Nf6 2. c4 g6 3. Nf3 Bg7 4. e3 O-O 5. Be2 d6 6. Nc3 Nbd7 7. O-O e5 8. Qc2
Re8 9. b3 e4 10. Nd2 Qe7 11. f3 exf3 12. Nxf3 c6 13. Bd3 Nf8 14. e4 Bg4 15. Bb2
Bxf3 16. Rxf3 Ne6 17. Ne2 Ng5 18. Re3 Ng4 19. Rg3 h5 20. h3 Nxe4 21. Bxe4 Qxe4
22. Qxe4 Rxe4 23. hxg4 Rxe2 24. Bc3 hxg4 25. Rxg4 Rc2 0-1

[Event "Xtracon Chess Open 2016"]
[Site "Helsingor DEN"]
[Date "2016.07.23"]
[Round "1.64"]
[White "Merkesvik, Sondre"]
[Black "Gula, Julian"]
[Result "1-0"]
[WhiteTitle "FM"]
[WhiteElo "2263"]
[BlackElo "1801"]
[WhiteFideId "1514350"]
[BlackFideId "12954799"]
[EventDate "2016.07.23"]

1. Nf3 d6 2. d4 Bg4 3. g3 Bxf3 4. exf3 c6 5. Bg2 g6 6. O-O Bg7 7. c4 Nf6 8. Nc3
O-O 9. Re1 e6 10. d5 exd5 11. cxd5 c5 12. f4 Re8 13. Rxe8+ Qxe8 14. a4 Na6 15.
f5 gxf5 16. Bf4 Ne4 17. Nxe4 fxe4 18. Qg4 Kh8 19. Re1 Qf8 20. Bxe4 Bxb2 21. Qf5
Qg7 22. Rb1 Re8 23. Rxb2 Rxe4 24. Rxb7 Qg6 25. Qxg6 fxg6 26. Bxd6 Rxa4 27. Be5+
Kg8 28. d6 Ra2 29. Rxa7 c4 30. Bc3 1-0

[Event "Xtracon Chess Open 2016"]
[Site "Helsingor DEN"]
[Date "2016.07.23"]
[Round "1.65"]
[White "Nielsen, Jens Holm"]
[Black "Lenaerts, Lennert"]
[Result "0-1"]
[BlackTitle "FM"]
[WhiteElo "1801"]
[BlackElo "2259"]
[WhiteFideId "1406051"]
[BlackFideId "211435"]
[EventDate "2016.07.23"]

1. Nc3 Nf6 2. Nf3 d5 3. d4 Bg4 4. h3 Bh5 5. g4 Bg6 6. Ne5 Nbd7 7. Nxg6 hxg6 8.
Bg2 e6 9. f4 Bb4 10. a3 Bxc3+ 11. bxc3 Ne4 12. g5 Nxc3 13. Qd3 Na4 14. e4 c6 15.
Rb1 Nab6 16. O-O O-O 17. e5 Nc8 18. Bd2 Ne7 19. Bb4 c5 20. dxc5 a5 21. Bd2 Nxc5
22. Qb5 Ne4 23. Bxe4 dxe4 24. Rfd1 Qd4+ 25. Kh2 Qf2+ 26. Kh1 Nf5 27. Rb3 0-1

[Event "Xtracon Chess Open 2016"]
[Site "Helsingor DEN"]
[Date "2016.07.23"]
[Round "1.66"]
[White "Haugli, Petter"]
[Black "Sather, Lars"]
[Result "1-0"]
[WhiteTitle "IM"]
[WhiteElo "2257"]
[BlackElo "1799"]
[WhiteFideId "1500104"]
[BlackFideId "1501712"]
[EventDate "2016.07.23"]

1. d4 Nf6 2. c4 e6 3. Nc3 Bb4 4. e3 b6 5. Ne2 Bb7 6. a3 Bxc3+ 7. Nxc3 O-O 8. f3
d6 9. e4 c6 10. Bd3 Nbd7 11. O-O e5 12. d5 cxd5 13. cxd5 Nc5 14. Be2 Nfd7 15. b4
Na6 16. Be3 f5 17. Rc1 Nc7 18. Bd3 f4 19. Bf2 Rf6 20. Bh4 g5 21. Bxg5 Qf8 22.
Bxf6 Nxf6 23. Nb5 Nxb5 24. Bxb5 Bc8 25. Rf2 Qg7 26. Rfc2 Bh3 27. Kh1 Bd7 28.
Bxd7 Qxd7 29. Rc7 Qd8 30. Qc2 Ne8 31. Rc8 Rxc8 32. Qxc8 Qe7 33. Qg4+ Kf7 34.
Qh5+ Kg7 35. Rc8 Qb7 36. Qxe8 1-0

[Event "Xtracon Chess Open 2016"]
[Site "Helsingor DEN"]
[Date "2016.07.23"]
[Round "1.67"]
[White "Satre, Roger"]
[Black "Taylor, Adam C"]
[Result "0-1"]
[BlackTitle "FM"]
[WhiteElo "1797"]
[BlackElo "2254"]
[WhiteFideId "1510320"]
[BlackFideId "424668"]
[EventDate "2016.07.23"]

1. d4 Nf6 2. Nf3 g6 3. g3 c5 4. c3 cxd4 5. cxd4 Ne4 6. Bg2 Bg7 7. O-O d5 8. Nbd2
Nc6 9. e3 f5 10. Qb3 e6 11. Kh1 O-O 12. Nxe4 fxe4 13. Ng1 b6 14. f4 Ba6 15. Rf2
Bc4 16. Qd1 Nb4 17. b3 Nd3 18. Rc2 Ba6 19. Ba3 Rf7 20. Nh3 Rc8 21. Nf2 Rxc2 22.
Qxc2 Rc7 23. Qd2 Qc8 24. Nxd3 exd3 25. Bf1 Rc2 26. Qd1 Qc3 27. Rc1 Bf8 28. Qg4
Bc8 29. Bxd3 Qxd3 30. Rxc2 Qf1# 0-1

[Event "Xtracon Chess Open 2016"]
[Site "Helsingor DEN"]
[Date "2016.07.23"]
[Round "1.68"]
[White "Jacobsen, Mikkel Manosri"]
[Black "Zakariassen, Tom"]
[Result "1-0"]
[WhiteTitle "FM"]
[WhiteElo "2245"]
[BlackElo "1797"]
[WhiteFideId "1444514"]
[BlackFideId "1513753"]
[EventDate "2016.07.23"]

1. d4 Nf6 2. c4 e6 3. Nf3 c5 4. d5 exd5 5. cxd5 d6 6. Nc3 g6 7. Bf4 a6 8. a4 Bg7
9. h3 O-O 10. e3 Re8 11. Nd2 Nh5 12. Bh2 Be5 13. Bxe5 Rxe5 14. Nc4 Re7 15. Qb3
Qc7 16. Qb6 Nf6 17. Qxd6 Qxd6 18. Nxd6 Nbd7 19. a5 b5 20. axb6 Nxb6 21. O-O-O
Rd7 22. Nxc8 Nxc8 23. e4 Nb6 24. Be2 a5 25. Rhe1 a4 26. Bb5 Rda7 27. e5 Nfd7 28.
e6 fxe6 29. dxe6 Nf6 30. e7 Kf7 31. Rd6 Nc8 32. Rxf6+ 1-0

[Event "Xtracon Chess Open 2016"]
[Site "Helsingor DEN"]
[Date "2016.07.23"]
[Round "1.69"]
[White "Dittrich, Hans-Georg"]
[Black "Schmidt, Kresten"]
[Result "0-1"]
[WhiteElo "1795"]
[BlackElo "2241"]
[WhiteFideId "12923591"]
[BlackFideId "1400436"]
[EventDate "2016.07.23"]

1. e4 c5 2. Nf3 Nc6 3. Bb5 g6 4. O-O Bg7 5. Re1 Nf6 6. c3 O-O 7. d4 cxd4 8. cxd4
d5 9. e5 Ne8 10. Nc3 Nc7 11. Bf1 h6 12. Qb3 Rb8 13. h3 Be6 14. Qc2 Qd7 15. Be3
Rfc8 16. Qd2 Kh7 17. Rac1 Na8 18. Na4 b6 19. Bb5 Qe8 20. Nc3 Nc7 21. Bf1 Qd7 22.
Ne2 Bf5 23. Ng3 Be6 24. Bd3 f6 25. Nh4 f5 26. a3 Na5 27. Rc3 Nb5 28. Qc2 Nxc3
29. bxc3 Qe8 30. Nxg6 Qxg6 31. Nxf5 Rxc3 32. Nxg7 Qxd3 33. Qxd3+ Rxd3 34. Nxe6
Rxa3 35. Nc7 Nc4 36. Nxd5 Nxe3 37. fxe3 Rb7 38. Kf2 b5 39. Rb1 a5 0-1

[Event "Xtracon Chess Open 2016"]
[Site "Helsingor DEN"]
[Date "2016.07.23"]
[Round "1.70"]
[White "Thorsbro, Peter"]
[Black "Rasdal, Yngve"]
[Result "1/2-1/2"]
[WhiteElo "2239"]
[BlackElo "1794"]
[WhiteFideId "1406671"]
[BlackFideId "1514504"]
[EventDate "2016.07.23"]

1. d4 Nf6 2. c4 e6 3. Nc3 Bb4 4. Qc2 c5 5. dxc5 O-O 6. a3 Bxc5 7. Nf3 b6 8. Bg5
Nc6 9. Rd1 Be7 10. e4 a6 11. Bd3 h6 12. Bf4 Bb7 13. O-O Rc8 14. Qe2 Bc5 15. Bc1
Re8 16. e5 Nh7 17. Bxh7+ Kxh7 18. Qd3+ Kg8 19. Qxd7 Qc7 20. Qxc7 Rxc7 21. b4 Bf8
22. Na4 a5 23. Be3 axb4 24. Bxb6 Rcc8 25. axb4 Nxb4 26. Nb2 Ba6 27. Rc1 Rb8 28.
Na4 Rec8 29. Rc3 Rxc4 30. Rxc4 Bxc4 31. Rc1 Bb5 32. Bc7 Ra8 33. Nc3 Bd3 34. Ne1
Bg6 35. h3 Rc8 36. Bb6 Nd5 37. Bd4 Bb4 38. Nxd5 Rxc1 39. Nxb4 Rxe1+ 40. Kh2 Re4
41. Nc6 Kf8 42. f3 Re2 43. Bc5+ Ke8 44. Bd6 Bd3 45. h4 h5 46. Kh3 Kd7 47. Nd4
Ra2 48. g4 Bf1+ 49. Kg3 Rg2+ 50. Kf4 hxg4 51. fxg4 Be2 52. Nxe2 Rxe2 53. h5 Rh2
54. Bf8 g6 1/2-1/2

[Event "Xtracon Chess Open 2016"]
[Site "Helsingor DEN"]
[Date "2016.07.23"]
[Round "1.71"]
[White "Winther, Bjarke Rosenborg"]
[Black "Roe, Simon J"]
[Result "0-1"]
[WhiteElo "1786"]
[BlackElo "2238"]
[WhiteFideId "1447173"]
[BlackFideId "401471"]
[EventDate "2016.07.23"]

1. e4 c6 2. d4 d5 3. e5 g6 4. Nf3 Bg4 5. Be2 Bg7 6. O-O Nd7 7. Be3 Nh6 8. Nbd2
Nf5 9. Bf4 e6 10. h3 Bxf3 11. Nxf3 h5 12. c3 Qc7 13. Qd2 a6 14. a4 c5 15. b3 Rc8
16. Rfc1 Qd8 17. Bd3 Nb8 18. Bxf5 gxf5 19. dxc5 Rxc5 20. Qd4 Rc8 21. Qb4 Qe7 22.
Qxe7+ Kxe7 23. Nd4 Nd7 24. Nf3 Nc5 25. Bg5+ Kd7 26. Rab1 Nd3 27. Rc2 Nxe5 28.
Nd4 Nd3 29. Be3 Nc5 30. c4 f4 0-1

[Event "Xtracon Chess Open 2016"]
[Site "Helsingor DEN"]
[Date "2016.07.23"]
[Round "1.72"]
[White "Dahl, Trygve"]
[Black "Arbeus, Carl-Johan"]
[Result "1-0"]
[WhiteElo "2233"]
[BlackElo "1784"]
[WhiteFideId "1513427"]
[BlackFideId "1707817"]
[EventDate "2016.07.23"]

1. e4 c5 2. Nf3 d6 3. d4 cxd4 4. Nxd4 Nf6 5. f3 a6 6. c4 e6 7. Nc3 Qc7 8. Be3
Be7 9. Qd2 O-O 10. Be2 Nbd7 11. O-O b6 12. Rfd1 Bb7 13. Rac1 Rac8 14. Kh1 Kh8
15. a3 Nc5 16. b4 Ncd7 17. Bf1 Rfe8 18. Qf2 Ne5 19. Na4 Nfd7 20. Nb3 Bd8 21. Qd2
Be7 22. Bg1 Qc6 23. b5 Qc7 24. bxa6 Bc6 25. Nc3 Nc5 26. Nb5 Nxb3 27. Nxc7 Nxd2
28. Nxe8 Nxf1 29. Nxd6 Ra8 30. Nb5 Rxa6 31. Rxf1 g5 32. Bd4 Bf6 33. f4 Nd7 34.
Bxf6+ Nxf6 35. fxg5 Nxe4 36. Rxf7 Nxg5 37. Rc7 Bxb5 38. cxb5 Rxa3 39. Rb7 1-0

[Event "Xtracon Chess Open 2016"]
[Site "Helsingor DEN"]
[Date "2016.07.23"]
[Round "1.73"]
[White "Pedersen, Carl Aage"]
[Black "Pedersen, Nicolai Kvist Brondt"]
[Result "0-1"]
[WhiteElo "1781"]
[BlackElo "2231"]
[WhiteFideId "1417614"]
[BlackFideId "1413848"]
[EventDate "2016.07.23"]

1. d4 Nf6 2. c4 c5 3. Nf3 cxd4 4. Nxd4 e5 5. Nf3 Nc6 6. Nc3 Bb4 7. Bd2 e4 8. Ng1
O-O 9. e3 Qe7 10. Nge2 d5 11. Nxd5 Nxd5 12. cxd5 Ne5 13. Ng3 Rd8 14. a3 Bxd2+
15. Qxd2 Be6 16. Be2 Rxd5 17. Qb4 Qxb4+ 18. axb4 f5 19. Ra5 Rxa5 20. bxa5 Rc8
21. Kd2 Nc6 22. a6 bxa6 23. Bxa6 Rb8 24. Kc1 Nb4 25. Be2 Rc8+ 26. Kb1 g6 27. f3
Bb3 28. fxe4 fxe4 29. Rf1 Rc5 30. h3 Rg5 31. Nh1 Rxg2 32. Nf2 Kg7 33. Kc1 Bc2
34. Kd2 Bd3 35. b3 Bxe2 36. Kxe2 Nd3 37. b4 a6 0-1

[Event "Xtracon Chess Open 2016"]
[Site "Helsingor DEN"]
[Date "2016.07.23"]
[Round "1.74"]
[White "Ranaldi, Lucas"]
[Black "Nielsen, Kai Gylling"]
[Result "1-0"]
[WhiteElo "2228"]
[BlackElo "1780"]
[WhiteFideId "1519484"]
[BlackFideId "1406400"]
[EventDate "2016.07.23"]

1. d4 Nf6 2. c4 e6 3. Nc3 d5 4. cxd5 exd5 5. Bg5 Be7 6. e3 c6 7. Bd3 h6 8. Bh4
Be6 9. Nge2 Qc7 10. Rc1 Qb6 11. Qc2 Nbd7 12. O-O g5 13. Bg3 Nh5 14. Na4 Qd8 15.
a3 Rc8 16. b4 b5 17. Nc5 Bxc5 18. dxc5 Nxg3 19. Nxg3 h5 20. f4 gxf4 21. exf4 Nf6
22. Rce1 Kf8 23. f5 Bd7 24. Qb2 h4 25. Ne2 Rg8 26. Nd4 Ng4 27. Ne6+ Bxe6 28.
fxe6 Qg5 29. Rf5 Qh6 30. exf7 Rg7 31. Qe2 Rxf7 32. Qxg4 1-0

[Event "Xtracon Chess Open 2016"]
[Site "Helsingor DEN"]
[Date "2016.07.23"]
[Round "1.75"]
[White "Rasmussen, Henning2"]
[Black "Muhsen, Abdulla Mohmmed"]
[Result "1/2-1/2"]
[BlackTitle "CM"]
[WhiteElo "1779"]
[BlackElo "2227"]
[WhiteFideId "1410962"]
[BlackFideId "4801695"]
[EventDate "2016.07.23"]

1. d4 Nf6 2. c4 e6 3. Nc3 Bb4 4. Bd2 b6 5. Nf3 Bb7 6. e3 O-O 7. Be2 d5 8. O-O
Nbd7 9. a3 Bd6 10. Rc1 a6 11. cxd5 exd5 12. Bd3 Ne4 13. Ne2 Ndf6 14. Ne5 c5 15.
Be1 Bxe5 16. dxe5 Ng4 17. Bxe4 dxe4 18. Qxd8 Rfxd8 19. Bc3 Re8 20. Rfd1 Nxe5 21.
Bxe5 Rxe5 22. Rd7 Rb8 23. Rcd1 Kf8 24. Nc3 Re7 25. R7d6 b5 26. Nd5 Re6 27. Rxe6
fxe6 28. Nf4 Ke7 29. Kf1 a5 30. Ke1 Ba6 31. Rd2 Rb6 32. Ne2 b4 33. axb4 axb4 34.
b3 Bb7 35. Rc2 Kd6 36. Rd2+ Ke5 37. Rc2 Rb5 38. Nc1 Bd5 39. Kd2 Kd6 40. h4 Ra5
41. g3 Ra8 42. Ke2 Ra1 43. Kd2 Rxc1 44. Rxc1 Bxb3 45. Ra1 c4 46. Ra7 h5 47. Rxg7
c3+ 48. Kc1 Kc6 49. Rg5 Bc4 50. Kc2 Kd6 51. Rxh5 Bd3+ 52. Kb3 Be2 53. Rh8 Bc4+
54. Kc2 Bd3+ 55. Kb3 Bc4+ 56. Kc2 Bd3+ 57. Kb3 Bc4+ 1/2-1/2

[Event "Xtracon Chess Open 2016"]
[Site "Helsingor DEN"]
[Date "2016.07.23"]
[Round "1.76"]
[White "Kaasen, Tor Fredrik"]
[Black "Gottschalck, Christian"]
[Result "1-0"]
[WhiteElo "2219"]
[BlackElo "1778"]
[WhiteFideId "1516647"]
[BlackFideId "1428357"]
[EventDate "2016.07.23"]

1. Nf3 d5 2. g3 Nf6 3. Bg2 c6 4. O-O Bf5 5. d3 Nbd7 6. Nbd2 e5 7. Re1 Bc5 8. e4
dxe4 9. dxe4 Bg6 10. h3 Qb6 11. Qe2 O-O 12. Nh4 Nh5 13. Qf3 Rad8 14. Nb3 Nhf6
15. Bg5 h6 16. Nxc5 Qxc5 17. Nxg6 hxg5 18. Nxf8 Nxf8 19. c3 Rd2 20. Re2 Qd6 21.
Rae1 Ne6 22. Rxd2 Qxd2 23. Qe2 Qd8 24. Rd1 Qb6 25. b3 Qc5 26. Qd3 Qa3 27. Qc2
Qc5 28. Bf1 a5 29. Bc4 Nc7 30. Rd8+ Nce8 31. Qd2 b5 32. Bf1 Qe7 33. Qd3 Kh7 34.
Ra8 Qc7 35. Qd8 Qxd8 36. Rxd8 a4 37. bxa4 bxa4 38. Ra8 Nd6 39. Rxa4 1-0

[Event "Xtracon Chess Open 2016"]
[Site "Helsingor DEN"]
[Date "2016.07.23"]
[Round "1.77"]
[White "Laustsen, Lars"]
[Black "Sorensen, Bernhard"]
[Result "1-0"]
[WhiteElo "2118"]
[BlackElo "1655"]
[WhiteFideId "1407554"]
[BlackFideId "1442074"]
[EventDate "2016.07.23"]

1. d4 e6 2. c4 f5 3. g3 Nf6 4. Bg2 c6 5. Nf3 d5 6. O-O Bd6 7. b3 Qe7 8. Bb2 O-O
9. Qc1 Nbd7 10. Ne5 Ng4 11. Nxg4 fxg4 12. Nd2 Nf6 13. e4 dxe4 14. Nxe4 Bb4 15.
a3 Ba5 16. Qg5 Bc7 17. d5 Kh8 18. dxc6 bxc6 19. Nxf6 gxf6 20. Bxc6 e5 21. Qe3
Bb6 22. Qe2 Rb8 23. b4 Be6 24. Rad1 Rfd8 25. c5 Bc7 26. Qa6 Rxd1 27. Rxd1 Bd8
28. Be4 Bb3 29. Rd6 Qf7 30. Qd3 Be7 31. Rd7 Re8 32. Rxa7 Bc4 33. Qd7 Be6 34. Qd1
h5 35. Qc2 Bb3 36. Qd2 Qf8 37. Bg6 Rd8 38. Rd7 Be6 39. Rxd8 Bxd8 40. Be4 Bc7 41.
Bd5 Qd8 42. Qh6+ 1-0

[Event "Xtracon Chess Open 2016"]
[Site "Helsingor DEN"]
[Date "2016.07.23"]
[Round "1.78"]
[White "Nielsen, Jan Mose"]
[Black "Jacobsen, Per"]
[Result "1-0"]
[WhiteElo "2110"]
[BlackElo "1636"]
[WhiteFideId "1405306"]
[BlackFideId "1413856"]
[EventDate "2016.07.23"]

1. d4 f5 2. c4 Nf6 3. Nc3 e6 4. Bg5 Be7 5. e3 O-O 6. Bd3 c6 7. Nge2 d5 8. Rg1
Ne4 9. Bf4 Nd7 10. f3 Nxc3 11. Nxc3 Bh4+ 12. Bg3 Bxg3+ 13. hxg3 Qg5 14. Kf2 Qe7
15. Rh1 Nf6 16. Qc2 Ne4+ 17. Nxe4 fxe4 18. Be2 Qf6 19. Rh4 Bd7 20. Rah1 h6 21.
Qb3 Rab8 22. cxd5 exd5 23. Rxe4 Be6 24. Rf4 Qe7 25. Rxf8+ Rxf8 26. Qc2 Bf7 27.
Qc5 Re8 28. Qxe7 Rxe7 29. b4 1-0

[Event "Xtracon Chess Open 2016"]
[Site "Helsingor DEN"]
[Date "2016.07.23"]
[Round "1.79"]
[White "Nielsen, Palle"]
[Black "Tryggestad, Andreas Garberg"]
[Result "0-1"]
[WhiteElo "1778"]
[BlackElo "2216"]
[WhiteFideId "1408526"]
[BlackFideId "1513338"]
[EventDate "2016.07.23"]

1. e4 c5 2. Nf3 e6 3. c4 Nc6 4. Nc3 Nf6 5. d3 d6 6. h3 g6 7. Be2 Bg7 8. O-O O-O
9. Nh2 d5 10. f4 dxe4 11. dxe4 Qd4+ 12. Qxd4 cxd4 13. Nb5 Nxe4 14. Bf3 Nc5 15.
Rb1 a6 16. Nd6 Rd8 17. Nxc8 Raxc8 18. Bd2 e5 19. fxe5 Nxe5 20. Bd5 b5 21. b3 Rd7
22. Rbd1 bxc4 23. bxc4 Ncd3 24. Nf3 Nxc4 25. Bxc4 Rxc4 0-1